[Event "40. Offene Stadtmeisterschaft"]
[Site "Bergisch Gladbach"]
[Date "2018.08.31"]
[Round "1.1"]
[White "Schüers, Christian"]
[Black "Harringer, Manfred"]
[Result "0-1"]
[WhiteElo "1568"]
[BlackElo "2063"]
[PlyCount "78"]
[EventRounds "7"]

1. d4 Nf6 2. Nf3 e6 3. g3 d5 4. Bg2 Be7 5. O-O O-O 6. Nbd2 c5 7. c3 cxd4 8.
cxd4 Nc6 9. b3 b6 10. Bb2 Ba6 11. Re1 Rc8 12. Ne5 Nb4 13. Rc1 Rxc1 14. Qxc1
Nxa2 15. Qa1 Nb4 16. Qb1 Bb5 17. Bf3 Qb8 18. e4 Rc8 19. exd5 Nbxd5 20. Rc1
Rxc1+ 21. Qxc1 Qc7 22. Qxc7 Nxc7 23. Ndc4 Nfd5 24. Na3 Be8 25. Be2 a5 26. Kf1
f6 27. Nf3 Kf7 28. Nc2 Bb5 29. Nd2 Bxe2+ 30. Kxe2 Ke8 31. Kd3 Kd7 32. Nc4 Kc6
33. N4a3 b5 34. Nb1 Nb4+ 35. Nxb4+ Bxb4 36. Bc3 Nd5 37. f3 Bxc3 38. Nxc3 Nxc3
39. Kxc3 Kd5 0-1

[Event "40. Offene Stadtmeisterschaft"]
[Site "Bergisch Gladbach"]
[Date "2018.08.31"]
[Round "1.2"]
[White "Heckötter, Christian"]
[Black "Gnass, Arno"]
[Result "1/2-1/2"]
[WhiteElo "1993"]
[BlackElo "1561"]
[PlyCount "147"]
[EventRounds "7"]

1. d4 Nf6 2. Bg5 e6 3. e3 Be7 4. Nd2 c5 5. c3 cxd4 6. exd4 O-O 7. Bd3 Nd5 8.
Bxe7 Qxe7 9. Ne2 b6 10. Qc2 Nf6 11. O-O Ba6 12. Rfe1 Bxd3 13. Qxd3 d5 14. Ng3
Qb7 15. Nf3 Qa6 16. Qd2 Nc6 17. Ne5 Ne7 18. h4 h5 19. Qg5 Qb5 20. Rab1 Qe8 21.
Nxh5 Nxh5 22. Qxh5 Nf5 23. Qg4 Nh6 24. Qe2 Qe7 25. g3 Rac8 26. Ng4 Nf5 27. Ne3
Qf6 28. Qf3 Nxe3 29. Qxf6 gxf6 30. Rxe3 b5 31. Kf1 Rc7 32. Ke2 Rfc8 33. Kd2 Kg7
34. Ra1 f5 35. Ree1 Kg6 36. a3 Kh5 37. Rg1 a5 38. Rac1 Kg4 39. Ke3 b4 40. f3+
Kh5 41. axb4 axb4 42. Kd2 bxc3+ 43. Rxc3 Rxc3 44. bxc3 Ra8 45. Ke3 Ra3 46. Rc1
Ra2 47. Kf4 Rg2 48. c4 dxc4 49. Rxc4 Rd2 50. Ke3 Rg2 51. Rc8 Kg6 52. Kf4 Rd2
53. Rd8 Kf6 54. Rd7 Rd1 55. Ke3 Re1+ 56. Kf4 Rd1 57. g4 fxg4 58. fxg4 Rf1+ 59.
Kg3 Rg1+ 60. Kh3 Rh1+ 61. Kg3 Rg1+ 62. Kf3 Rf1+ 63. Kg2 Rd1 64. Kf2 Rd3 65. h5
Kg7 66. g5 Rh3 67. d5 exd5 68. h6+ Kg6 69. Rxd5 Rh5 70. Kf3 f6 71. Kg4 Rxg5+
72. Rxg5+ fxg5 73. h7 Kxh7 74. Kxg5 1/2-1/2

[Event "40. Offene Stadtmeisterschaft"]
[Site "Bergisch Gladbach"]
[Date "2018.08.31"]
[Round "1.3"]
[White "Stuch, Hans-Ferdinand"]
[Black "Ljuboschitz, Alexander"]
[Result "0-1"]
[WhiteElo "1556"]
[BlackElo "1975"]
[PlyCount "75"]
[EventRounds "7"]

1. Nf3 Nf6 2. c4 g6 3. Nc3 Bg7 4. g3 O-O 5. Bg2 d6 6. d4 Nbd7 7. O-O e5 8. dxe5
dxe5 9. Qc2 c6 10. Rd1 Qe7 11. b3 Re8 12. Bb2 e4 13. Ne1 e3 14. f3 Nf8 15. g4
h5 16. g5 N6h7 17. Ne4 Bf5 18. Bxg7 Kxg7 19. Qc3+ Qe5 20. Qxe5+ Rxe5 21. h4
Bxe4 22. fxe4 f6 23. Nd3 Re7 24. gxf6+ Nxf6 25. e5 Ng4 26. Rf1 Nxe5 27. Nxe5
Rxe5 28. Rad1 Rae8 29. Rd6 R5e6 30. Rd4 Rf6 31. Rxf6 Kxf6 32. Rf4+ Kg7 33. Bh3
Nh7 34. Rd4 Nf6 35. Kg2 c5 36. Rd6 Re4 37. Kf3 Rxh4 38. Kg3 0-1

[Event "40. Offene Stadtmeisterschaft"]
[Site "Bergisch Gladbach"]
[Date "2018.08.31"]
[Round "1.4"]
[White "Eilers, Jochen"]
[Black "Selbach, Johannes"]
[Result "1-0"]
[WhiteElo "1950"]
[BlackElo "1518"]
[PlyCount "57"]
[EventRounds "7"]

1. g3 Nf6 2. Bg2 d5 3. c4 e6 4. Nf3 c5 5. O-O Nc6 6. b3 Be7 7. Bb2 O-O 8. e3
dxc4 9. bxc4 Qc7 10. Nc3 a6 11. Qe2 b6 12. Rfd1 Rb8 13. Rac1 Rd8 14. d4 cxd4
15. exd4 Qa7 16. d5 exd5 17. Nxd5 Nxd5 18. cxd5 Na5 19. Be5 Rb7 20. d6 Bf8 21.
Ng5 Rbd7 22. Qg4 g6 23. Nxh7 Bg7 24. Nf6+ Kf8 25. Nxd7+ Qxd7 26. Bxg7+ Kxg7 27.
Qd4+ Kg8 28. Qxb6 Nb7 29. Bc6 1-0

[Event "40. Offene Stadtmeisterschaft"]
[Site "Bergisch Gladbach"]
[Date "2018.08.31"]
[Round "1.5"]
[White "Roder, Stephan"]
[Black "Kuhn, Andreas"]
[Result "0-1"]
[WhiteElo "1460"]
[BlackElo "1921"]
[PlyCount "68"]
[EventRounds "7"]

1. d4 d6 2. Nf3 Nf6 3. e3 g6 4. Bd3 Bg7 5. O-O O-O 6. Nbd2 Nbd7 7. c3 e5 8.
dxe5 dxe5 9. e4 Qe7 10. Nc4 Rd8 11. Qc2 Nc5 12. Ncxe5 Nxd3 13. Nxd3 Qxe4 14.
Nb4 Bf5 15. Qxe4 Bxe4 16. Ne1 c5 17. Nbc2 Bc6 18. Be3 Bb5 19. Bxc5 Bxf1 20.
Kxf1 Rd5 21. Bd4 Ng4 22. Nf3 Bxd4 23. Ncxd4 Ne5 24. Nd2 Rad8 25. Ne4 Kg7 26.
Ke2 Nc6 27. Nb3 Re5 28. Kf3 f5 29. Ng3 Rd3+ 30. Kf4 Kf6 31. h4 h6 32. Nh5+ gxh5
33. f3 Ne7 34. Kg3 Re2 0-1

[Event "40. Offene Stadtmeisterschaft"]
[Site "Bergisch Gladbach"]
[Date "2018.08.31"]
[Round "1.6"]
[White "Thelen, Harm-Wulf"]
[Black "Ramien, Hannah"]
[Result "1-0"]
[WhiteElo "1916"]
[BlackElo "1455"]
[PlyCount "57"]
[EventRounds "7"]

1. c4 e5 2. Nc3 Nf6 3. g3 d5 4. cxd5 Nxd5 5. Bg2 Nxc3 6. bxc3 Bc5 7. Nf3 Nc6 8.
O-O O-O 9. d3 h6 10. Rb1 Bb6 11. a4 a5 12. Qc2 Qf6 13. Nd2 Bf5 14. Nc4 Bg4 15.
Nxb6 cxb6 16. f3 Bd7 17. Be3 Ra6 18. Rb2 Ne7 19. Bf2 Qg5 20. Rfb1 Nd5 21. h4
Qg6 22. e4 Nf4 23. Rxb6 Rxb6 24. Rxb6 Ne6 25. d4 exd4 26. cxd4 Bc6 27. Qd2 Bxa4
28. Qxa5 Bd7 29. d5 1-0

[Event "40. Offene Stadtmeisterschaft"]
[Site "Bergisch Gladbach"]
[Date "2018.08.31"]
[Round "1.7"]
[White "Breuer, Achim"]
[Black "Themm, Rainer"]
[Result "1/2-1/2"]
[WhiteElo "1437"]
[BlackElo "1873"]
[PlyCount "43"]
[EventRounds "7"]

1. d4 Nf6 2. c4 e6 3. Nc3 Be7 4. e4 d6 5. f4 c6 6. e5 Nfd7 7. Qg4 g6 8. Nf3 a6
9. h4 h5 10. Qh3 b5 11. Ng5 Nf8 12. Bd3 bxc4 13. Bxc4 d5 14. Bb3 a5 15. O-O
Nbd7 16. Be3 Nb6 17. Na4 Ba6 18. Rfc1 Rc8 19. Bd2 Nc4 20. Bxc4 Bxc4 21. b3 Ba6
22. Nc5 1/2-1/2

[Event "40. Offene Stadtmeisterschaft"]
[Site "Bergisch Gladbach"]
[Date "2018.08.31"]
[Round "1.8"]
[White "Gutt, Oswald"]
[Black "Müller, Horst"]
[Result "1-0"]
[WhiteElo "1871"]
[BlackElo "1412"]
[PlyCount "69"]
[EventRounds "7"]

1. d4 Nf6 2. c4 g6 3. Nc3 Bg7 4. e4 d6 5. Be2 O-O 6. f4 c5 7. Nf3 cxd4 8. Nxd4
Nc6 9. Be3 Qa5 10. O-O Bd7 11. Nb3 Qd8 12. c5 Ne8 13. Rc1 a6 14. Qd2 Kh8 15.
Rfd1 Nb8 16. Nd5 Nc6 17. Nb6 Rb8 18. Nxd7 Qxd7 19. cxd6 Qxd6 20. Bc5 Qxd2 21.
Rxd2 Nf6 22. Bf3 Rfe8 23. e5 Ng8 24. Rd7 Bh6 25. Bxc6 bxc6 26. g3 g5 27. Be3
gxf4 28. gxf4 Rb4 29. Rd4 Rxd4 30. Nxd4 Rd8 31. Nf5 Bf8 32. Rxc6 e6 33. Nd6 Kg7
34. Rxa6 Nh6 35. b4 1-0

[Event "40. Offene Stadtmeisterschaft"]
[Site "Bergisch Gladbach"]
[Date "2018.08.31"]
[Round "1.9"]
[White "Nölle, Michael"]
[Black "Rosenauer, Horst"]
[Result "0-1"]
[WhiteElo "1385"]
[BlackElo "1850"]
[PlyCount "84"]
[EventRounds "7"]

1. e4 e5 2. Nf3 Nc6 3. d4 exd4 4. Nxd4 Nf6 5. Nc3 Bb4 6. Nxc6 bxc6 7. Bd2 O-O
8. a3 Bxc3 9. Bxc3 Nxe4 10. Bd4 d5 11. Bd3 Re8 12. O-O Bf5 13. f3 Nd6 14. Bc5
Qf6 15. c3 Bxd3 16. Qxd3 Qf5 17. Qa6 Qd7 18. Rae1 Re6 19. Rxe6 fxe6 20. Re1 Kf7
21. b3 Rb8 22. b4 Nc8 23. f4 Nd6 24. Qxa7 Re8 25. a4 Ne4 26. Bd4 c5 27. bxc5
Qc6 28. Be5 Ra8 29. Qxc7+ Qxc7 30. Bxc7 Rxa4 31. Bb6 Rc4 32. g3 Rxc3 33. Rd1
Nxc5 34. Bxc5 Rxc5 35. Kg2 Rc2+ 36. Kh3 Ke7 37. Re1 Kd6 38. Rd1 Re2 39. Ra1 d4
40. Ra6+ Kd5 41. Ra5+ Ke4 42. Ra4 Ke3 0-1

[Event "40. Offene Stadtmeisterschaft"]
[Site "Bergisch Gladbach"]
[Date "2018.08.31"]
[Round "1.11"]
[White "Sinner, Joselyne"]
[Black "Henseler, Klaus"]
[Result "1-0"]
[WhiteElo "1343"]
[BlackElo "1811"]
[PlyCount "73"]
[EventRounds "7"]

1. e4 c5 2. Nf3 d6 3. Bb5+ Bd7 4. Bxd7+ Qxd7 5. O-O Nc6 6. Nc3 g6 7. Re1 Bg7 8.
d3 e6 9. Bf4 e5 10. Bd2 Nge7 11. Ne2 O-O 12. c3 d5 13. Bg5 f6 14. Be3 b6 15.
exd5 Nxd5 16. d4 Nxe3 17. fxe3 cxd4 18. exd4 Rad8 19. dxe5 fxe5 20. Ng3 Qe7 21.
Qb3+ Kh8 22. Qb5 Qc5+ 23. Qxc5 bxc5 24. Ne4 c4 25. Ned2 Na5 26. Rad1 Rd5 27.
Ne4 Rb5 28. Re2 Rfb8 29. Nd6 Rxb2 30. Rxb2 Rxb2 31. Nc8 Bh6 32. Nxe5 Be3+ 33.
Kh1 Rxa2 34. Rd8+ Kg7 35. Rd7+ Kf8 36. Rf7+ Ke8 37. Nd6+ 1-0

[Event "40. Offene Stadtmeisterschaft"]
[Site "Bergisch Gladbach"]
[Date "2018.08.31"]
[Round "1.12"]
[White "Behle, Burkhard"]
[Black "Suzuki, Juliano"]
[Result "1-0"]
[WhiteElo "1780"]
[BlackElo "1341"]
[PlyCount "72"]
[EventRounds "7"]

1. d4 d5 2. c4 c6 3. Nf3 Nf6 4. Nc3 dxc4 5. a4 Bf5 6. e3 e6 7. Bxc4 Bb4 8. O-O
Nbd7 9. Qb3 a5 10. Na2 Be7 11. h3 Bg6 12. Nc3 O-O 13. Bd2 Qb6 14. Qxb6 Nxb6 15.
Be2 Bb4 16. Rfc1 Nbd5 17. Ne5 Rad8 18. Be1 Bd6 19. Nxd5 exd5 20. Nxg6 fxg6 21.
Bxa5 Ra8 22. Be1 Nd7 23. b4 Rfc8 24. Bg4 Rc7 25. b5 Nf6 26. b6 Re7 27. Be2 Ree8
28. a5 Ne4 29. Bd3 Bf8 30. a6 c5 31. Bxe4 Rxe4 32. dxc5 bxa6 33. b7 Rb8 34. c6
Rc4 35. Rxc4 dxc4 36. Rxa6 Bd6 1-0

[Event "40. Offene Stadtmeisterschaft"]
[Site "Bergisch Gladbach"]
[Date "2018.08.31"]
[Round "1.13"]
[White "Bernecker, Jan Magnus"]
[Black "Winckler, Andreas"]
[Result "0-1"]
[WhiteElo "1324"]
[BlackElo "1743"]
[PlyCount "72"]
[EventRounds "7"]

1. e4 c5 2. Nf3 Nc6 3. Nc3 g6 4. d4 cxd4 5. Nxd4 Bg7 6. Be3 d6 7. Bb5 Bd7 8.
Qd2 a6 9. Nxc6 bxc6 10. Bc4 a5 11. Bd4 Nf6 12. O-O c5 13. Be3 Ng4 14. Rab1 Nxe3
15. fxe3 O-O 16. Rf4 Be5 17. Rh4 e6 18. Qf2 Rb8 19. Nd1 Kg7 20. Rg4 d5 21. Bd3
h5 22. Rh4 d4 23. Rh3 Bf6 24. c3 e5 25. Rf3 Bg4 26. Rxf6 Qxf6 27. Qe1 Rfd8 28.
Nf2 Be6 29. a3 Qg5 30. cxd4 exd4 31. Be2 dxe3 32. Nd1 Rd2 33. Bf3 Rb3 34. Nc3
h4 35. Ne2 Bc4 36. Nc1 Rbxb2 0-1

[Event "40. Offene Stadtmeisterschaft"]
[Site "Bergisch Gladbach"]
[Date "2018.08.31"]
[Round "1.14"]
[White "Rohleder, Traugott"]
[Black "Wilde, Christian"]
[Result "1-0"]
[WhiteElo "1716"]
[BlackElo "1211"]
[PlyCount "63"]
[EventRounds "7"]

1. c4 e6 2. Nc3 d5 3. cxd5 exd5 4. Nf3 Nf6 5. d3 Nc6 6. Qb3 Be7 7. g3 O-O 8.
Bg2 d4 9. Nb5 a6 10. Qa4 Bb4+ 11. Bd2 Bxd2+ 12. Nxd2 Rb8 13. Na3 b5 14. Qc2 Nb4
15. Qc5 Nbd5 16. Qxd4 Bb7 17. O-O Qe7 18. Nb3 Rbd8 19. Nc5 Nb6 20. Qe3 Qxe3 21.
fxe3 Bxg2 22. Kxg2 b4 23. Nc2 a5 24. a3 bxa3 25. Rxa3 Ra8 26. Rfa1 Nfd5 27.
Rxa5 Rxa5 28. Rxa5 Re8 29. Ra7 Nxe3+ 30. Nxe3 Rxe3 31. Kf2 Nd5 32. Ra8+ 1-0

[Event "40. Offene Stadtmeisterschaft"]
[Site "Bergisch Gladbach"]
[Date "2018.08.31"]
[Round "1.15"]
[White "Nölle, Lisa"]
[Black "Plitzner, Hans Joachim"]
[Result "0-1"]
[WhiteElo "1177"]
[BlackElo "1711"]
[PlyCount "42"]
[EventRounds "7"]

1. d4 d5 2. Bf4 c6 3. c3 Nf6 4. e3 Qb6 5. Qb3 Bf5 6. Nd2 e6 7. Ngf3 Be7 8. Be2
h6 9. h3 O-O 10. g4 Bh7 11. Ne5 Nfd7 12. Rg1 Nxe5 13. dxe5 Qc7 14. Nf3 Nd7 15.
Qd1 Nc5 16. g5 hxg5 17. Nxg5 Bf5 18. h4 Qb6 19. Nf3 Qxb2 20. Bh6 Qxc3+ 21. Kf1
Bh3+ 0-1

[Event "40. Offene Stadtmeisterschaft"]
[Site "Bergisch Gladbach"]
[Date "2018.08.31"]
[Round "1.17"]
[White "Nölle, Nathalie"]
[Black "Bigott, Martin"]
[Result "0-1"]
[WhiteElo "1061"]
[BlackElo "1674"]
[PlyCount "44"]
[EventRounds "7"]

1. d4 Nf6 2. Bf4 g6 3. e3 Bg7 4. Nd2 b6 5. c3 Bb7 6. Ngf3 d6 7. Bd3 Nh5 8. Bg3
Nxg3 9. hxg3 Nd7 10. Qb3 e5 11. O-O-O Qe7 12. Qc2 c5 13. Rde1 O-O 14. Rh2 Nf6
15. Ne4 Nxe4 16. Bxe4 d5 17. Bxg6 fxg6 18. Rxh7 Kxh7 19. Rh1+ Bh6 20. Ng5+ Qxg5
21. Rh4 cxd4 22. cxd4 Rac8 0-1

[Event "40. Offene Stadtmeisterschaft"]
[Site "Bergisch Gladbach"]
[Date "2018.08.31"]
[Round "1.18"]
[White "Bosbach, Volker"]
[Black "Blüggel, Theodor"]
[Result "1-0"]
[WhiteElo "1644"]
[BlackElo "941"]
[PlyCount "81"]
[EventRounds "7"]

1. d4 d5 2. c4 dxc4 3. Nf3 e6 4. e3 Nf6 5. Bxc4 Be7 6. Nc3 O-O 7. O-O b6 8. Bd2
Bb7 9. Rc1 c6 10. Qc2 a6 11. Ne4 Nbd7 12. Nxf6+ Nxf6 13. Ne5 c5 14. Bc3 Bd5 15.
Rfd1 Qc7 16. Bxd5 exd5 17. Qf5 Rad8 18. dxc5 bxc5 19. Ng4 Qd7 20. Nxf6+ Bxf6
21. Qxd7 Rxd7 22. Bxf6 gxf6 23. Rxc5 Rfd8 24. Kf1 Kg7 25. Ke2 d4 26. Rxd4 Rxd4
27. exd4 Rxd4 28. Rc6 Ra4 29. a3 h5 30. Rc3 a5 31. Kd3 f5 32. Rc4 Rxc4 33. Kxc4
Kg6 34. Kb5 a4 35. Kxa4 Kg5 36. Kb5 Kf4 37. Kc4 Ke4 38. a4 f4 39. a5 h4 40. a6
h3 41. gxh3 1-0

[Event "40. Offene Stadtmeisterschaft"]
[Site "Bergisch Gladbach"]
[Date "2018.08.31"]
[Round "1.20"]
[White "Hertling, Jürgen"]
[Black "Türkkan, Nuh"]
[Result "0-1"]
[WhiteElo "1606"]
[BlackElo "1802"]
[PlyCount "110"]
[EventRounds "7"]

1. d4 Nf6 2. c4 g6 3. Nc3 Bg7 4. e4 d6 5. Nf3 Nbd7 6. Be2 O-O 7. O-O e5 8. Be3
Ng4 9. Bg5 f6 10. Bh4 c6 11. h3 Nh6 12. b4 Qb6 13. Rb1 Re8 14. c5 Qc7 15. Bc4+
Kh8 16. cxd6 Qxd6 17. d5 Nb6 18. Qb3 g5 19. Bg3 g4 20. hxg4 Bxg4 21. dxc6 bxc6
22. Rbd1 Qc7 23. Rd3 Rad8 24. Rfd1 Rxd3 25. Rxd3 Rd8 26. Rxd8+ Qxd8 27. Be2
Bxf3 28. Bxf3 Qd7 29. Be2 Nf7 30. Bg4 Qe7 31. Qe6 Qxe6 32. Bxe6 Ng5 33. Bb3 Bf8
34. a3 c5 35. bxc5 Bxc5 36. a4 Bd4 37. Nb5 Nxe4 38. Nxd4 Nxg3 39. fxg3 exd4 40.
Kf2 Nd7 41. Ke2 Nc5 42. Bc2 Kg7 43. a5 h6 44. g4 Kf7 45. Kd2 Ke7 46. Bd1 Kd6
47. g3 Ke5 48. Bc2 Ne4+ 49. Bxe4 Kxe4 50. Ke2 a6 51. Kd2 d3 52. Kd1 Kf3 53. Kd2
Kxg3 54. Kxd3 Kxg4 55. Kd4 h5 0-1

[Event "40. Offene Stadtmeisterschaft"]
[Site "Bergisch Gladbach"]
[Date "2018.09.07"]
[Round "2.1"]
[White "Harringer, Manfred"]
[Black "Rohleder, Traugott"]
[Result "1-0"]
[WhiteElo "2063"]
[BlackElo "1716"]
[PlyCount "77"]
[EventRounds "7"]

1. e4 d6 2. d4 Nf6 3. Nc3 g6 4. Nf3 Bg7 5. Be2 O-O 6. Be3 Ng4 7. Bg5 h6 8. Bh4
Nd7 9. Qd2 c5 10. h3 cxd4 11. Nxd4 Ngf6 12. O-O-O Nc5 13. Qe3 Qa5 14. Kb1 Na4
15. Nxa4 Qxa4 16. f3 a6 17. Be1 Qd7 18. f4 b5 19. Bf3 e5 20. fxe5 dxe5 21. Nf5
Qa7 22. Nxh6+ Kh7 23. Ng4 Qxe3 24. Nxe3 Bb7 25. Nd5 Nxd5 26. exd5 f5 27. Be2
Rac8 28. b3 Rfd8 29. c4 Rd6 30. Bb4 Rd7 31. Rhe1 e4 32. cxb5 axb5 33. d6 e3 34.
Bxb5 Be4+ 35. Bd3 Bxg2 36. Rxe3 f4 37. Re7 Rxe7 38. dxe7 f3 39. Bf1 1-0

[Event "40. Offene Stadtmeisterschaft"]
[Site "Bergisch Gladbach"]
[Date "2018.09.07"]
[Round "2.2"]
[White "Ljuboschitz, Alexander"]
[Black "Bosbach, Manfred"]
[Result "1-0"]
[WhiteElo "1975"]
[BlackElo "1705"]
[PlyCount "61"]
[EventRounds "7"]

1. e4 c5 2. Nf3 Nc6 3. Nc3 a6 4. d4 cxd4 5. Nxd4 e6 6. Be3 Nge7 7. Nb3 b5 8.
Bd3 Bb7 9. Nc5 Qc8 10. O-O d6 11. Nxb7 Qxb7 12. f4 Rd8 13. Qe2 d5 14. exd5 Nxd5
15. Nxd5 Rxd5 16. c4 bxc4 17. Bxc4 Ra5 18. a3 Nb8 19. b4 Rf5 20. g4 Rf6 21. g5
Rg6 22. f5 exf5 23. Rxf5 Be7 24. Bxf7+ Kd8 25. Bxg6 hxg6 26. Rd1+ Ke8 27. Rfd5
Rh5 28. Bc5 Nc6 29. Bxe7 Qxe7 30. Qxe7+ Nxe7 31. Re5 1-0

[Event "40. Offene Stadtmeisterschaft"]
[Site "Bergisch Gladbach"]
[Date "2018.09.07"]
[Round "2.3"]
[White "Winckler, Andreas"]
[Black "Eilers, Jochen"]
[Result "0-1"]
[WhiteElo "1743"]
[BlackElo "1950"]
[PlyCount "78"]
[EventRounds "7"]

1. d4 Nf6 2. c4 c5 3. d5 b5 4. cxb5 a6 5. Nc3 axb5 6. Nxb5 Ba6 7. Nc3 d6 8. Nf3
g6 9. g3 Bg7 10. e4 Bxf1 11. Kxf1 Nbd7 12. h3 O-O 13. Kg2 Qb6 14. Qc2 Rfb8 15.
Rb1 Ne8 16. Be3 Qa6 17. Rhe1 Nc7 18. a3 Nb6 19. Nd2 Nc4 20. Nxc4 Qxc4 21. Rec1
Rb3 22. Qe2 Ra4 23. Qxc4 Rxc4 24. a4 Bxc3 25. bxc3 Rcxc3 26. Rxc3 Rxb1 27. Rc4
f5 28. Kf3 Kf7 29. g4 fxg4+ 30. hxg4 e6 31. dxe6+ Kxe6 32. g5 Na6 33. Ke2 Nb4
34. f4 Rb2+ 35. Kf3 Nd3 36. Rc3 Ne1+ 37. Kg4 Rb4 38. e5 dxe5 39. Rxc5 exf4 0-1

[Event "40. Offene Stadtmeisterschaft"]
[Site "Bergisch Gladbach"]
[Date "2018.09.07"]
[Round "2.4"]
[White "Kuhn, Andreas"]
[Black "Bosbach, Volker"]
[Result "1-0"]
[WhiteElo "1921"]
[BlackElo "1644"]
[PlyCount "97"]
[EventRounds "7"]

1. Nf3 Nf6 2. c4 e6 3. g3 d5 4. Bg2 Nbd7 5. d4 c6 6. Qc2 Bb4+ 7. Bd2 Qa5 8. O-O
O-O 9. b3 Ne4 10. Bf4 Bd6 11. Bxd6 Nxd6 12. Nbd2 Nf5 13. e4 dxe4 14. Nxe4 Rd8
15. Rad1 h6 16. Rd2 Rb8 17. Rfd1 Nf8 18. c5 Ng6 19. h4 Nfe7 20. h5 Nf8 21. Ne5
Nd5 22. Nc4 Qc7 23. Ned6 Bd7 24. a3 Be8 25. Qd3 Qe7 26. f4 Nh7 27. Qf3 Nhf6 28.
Re1 Qc7 29. Kh1 b5 30. cxb6 axb6 31. Nxe8 Nxe8 32. Rc2 Nd6 33. Ne5 Nf5 34. Qf2
Rd6 35. Bxd5 exd5 36. g4 Ne7 37. Rce2 Re8 38. Re3 c5 39. Rc3 f6 40. Ng6 c4 41.
Qe2 Kf7 42. bxc4 dxc4 43. Rxc4 Qd7 44. f5 Nxg6 45. hxg6+ Kf8 46. Qxe8+ Qxe8 47.
Rxe8+ Kxe8 48. Kg2 Kd7 49. Kf3 1-0

[Event "40. Offene Stadtmeisterschaft"]
[Site "Bergisch Gladbach"]
[Date "2018.09.07"]
[Round "2.5"]
[White "Plitzner, Hans Joachim"]
[Black "Thelen, Harm-Wulf"]
[Result "0-1"]
[WhiteElo "1711"]
[BlackElo "1916"]
[PlyCount "70"]
[EventRounds "7"]

1. c4 Nf6 2. Nc3 g6 3. g3 Bg7 4. Bg2 e5 5. Nf3 Nc6 6. d3 O-O 7. Bg5 h6 8. Bd2
d6 9. Qb3 Rb8 10. e3 Be6 11. a4 e4 12. Nxe4 Nxe4 13. dxe4 b6 14. Nd4 Bd7 15.
O-O Kh7 16. Bc3 Ne5 17. Qa2 a6 18. b3 Nd3 19. Rad1 Nc5 20. Qc2 Qe8 21. Ne2 f6
22. Nf4 b5 23. cxb5 axb5 24. Bd4 Na6 25. axb5 Bxb5 26. Rfe1 Qf7 27. Rb1 Nb4 28.
Qd2 Nc6 29. b4 Rfe8 30. Rec1 Ne5 31. Qc3 c6 32. Ra1 Rb7 33. Bf1 Nf3+ 34. Kg2
Nxd4 35. Qxd4 f5 0-1

[Event "40. Offene Stadtmeisterschaft"]
[Site "Bergisch Gladbach"]
[Date "2018.09.07"]
[Round "2.6"]
[White "Bigott, Martin"]
[Black "Gutt, Oswald"]
[Result "0-1"]
[WhiteElo "1705"]
[BlackElo "1871"]
[PlyCount "60"]
[EventRounds "7"]

1. Nf3 Nf6 2. g3 g6 3. Bg2 Bg7 4. c4 O-O 5. O-O d6 6. Nc3 e5 7. e4 Nc6 8. d3 h6
9. h3 Bd7 10. Kh2 a6 11. Be3 Qe7 12. Nd5 Nxd5 13. cxd5 Nd8 14. Qc1 Kh7 15. Qxc7
Rc8 16. Qb6 Bb5 17. Rfd1 f5 18. a4 fxe4 19. dxe4 Be2 20. Rdc1 Rxc1 21. Rxc1
Bxf3 22. Bxf3 Rxf3 23. Rc7 Qf6 24. Rd7 Nf7 25. Qxb7 Ng5 26. Kg2 Rxe3 27. Rxg7+
Qxg7 28. Qxg7+ Kxg7 29. fxe3 Nxe4 30. Kf3 Nc5 0-1

[Event "40. Offene Stadtmeisterschaft"]
[Site "Bergisch Gladbach"]
[Date "2018.09.07"]
[Round "2.7"]
[White "Rosenauer, Horst"]
[Black "Sinner, Joselyne"]
[Result "1-0"]
[WhiteElo "1850"]
[BlackElo "1343"]
[PlyCount "83"]
[EventRounds "7"]

1. e4 e5 2. Nf3 Nc6 3. Bb5 g6 4. c3 Bg7 5. d4 exd4 6. cxd4 a6 7. Ba4 Qe7 8. O-O
b5 9. Bb3 d6 10. h3 Nf6 11. e5 dxe5 12. dxe5 Ne4 13. Qd5 Bb7 14. Qxe4 O-O 15.
Bg5 Qe8 16. Nc3 Rb8 17. Bd5 h6 18. Bh4 Na5 19. Bxb7 Nxb7 20. Rfe1 Nc5 21. Qe3
Ne6 22. Nd5 g5 23. Bg3 Rd8 24. Rad1 c6 25. Nf6+ Bxf6 26. exf6 Kh8 27. h4 Rg8
28. hxg5 hxg5 29. Rxd8 Qxd8 30. Be5 Rg6 31. Nd4 Nxd4 32. Bxd4 Kh7 33. Be5 Qh8
34. Qd3 g4 35. Qf5 Qg8 36. Bf4 Qf8 37. Re7 Kg8 38. Bd6 Qd8 39. Qe5 Qa5 40. Re8+
Kh7 41. Qh5+ Rh6 42. Qxf7# 1-0

[Event "40. Offene Stadtmeisterschaft"]
[Site "Bergisch Gladbach"]
[Date "2018.09.07"]
[Round "2.9"]
[White "Nichte, Philipp"]
[Black "Behle, Burkhard"]
[Result "0-1"]
[WhiteElo "1602"]
[BlackElo "1780"]
[PlyCount "60"]
[EventRounds "7"]

1. e4 c5 2. Nf3 Nc6 3. Bb5 e6 4. Bxc6 bxc6 5. Nc3 c4 6. O-O d5 7. e5 Bb7 8. d4
cxd3 9. Qxd3 Qa5 10. Rd1 Ba6 11. Qd4 Qb4 12. a3 Qxd4 13. Nxd4 Rc8 14. Bf4 Ne7
15. h3 Ng6 16. Bg3 Be7 17. Kh2 O-O 18. Re1 Rfd8 19. Rad1 c5 20. Nf3 Rb8 21. Rb1
Bb7 22. Kg1 Bc6 23. Kf1 Rb6 24. b3 Rdb8 25. Nd2 a5 26. a4 Nh4 27. Bxh4 Bxh4 28.
g3 Be7 29. f4 c4 30. bxc4 Bb4 0-1

[Event "40. Offene Stadtmeisterschaft"]
[Site "Bergisch Gladbach"]
[Date "2018.09.07"]
[Round "2.10"]
[White "Türkkan, Nuh"]
[Black "Heckötter, Christian"]
[Result "0-1"]
[WhiteElo "1802"]
[BlackElo "1993"]
[PlyCount "130"]
[EventRounds "7"]

1. c4 c5 2. Nc3 Nf6 3. g3 d5 4. cxd5 Nxd5 5. Bg2 Nc7 6. d3 e5 7. Nf3 Nc6 8. O-O
Be7 9. Nd2 Bd7 10. f4 exf4 11. Rxf4 O-O 12. Nb3 Rb8 13. e4 Ne6 14. Rf1 b6 15.
Bf4 Rc8 16. Nd5 Nxf4 17. Nxf4 Bf6 18. Rb1 Nd4 19. Nd5 Be5 20. Nxd4 Bxd4+ 21.
Kh1 Qg5 22. Qc1 Qxc1 23. Rfxc1 Rfe8 24. b3 Bb5 25. Rd1 Bd7 26. Bf3 Bc6 27. Nf4
Rcd8 28. Re1 Bc3 29. Red1 Be5 30. Ng2 Bb5 31. Be2 Rd4 32. Ne1 a5 33. Kg2 f6 34.
Nc2 Rd6 35. Ne3 Ba6 36. Nc4 Rc6 37. Bg4 Rd8 38. Rbc1 g6 39. a4 h5 40. Be2 Kg7
41. Rf1 Bc7 42. Rf3 Re6 43. Rd1 Bb7 44. Re3 f5 45. Nd2 Be5 46. Bf3 f4 47. gxf4
Bxf4 48. Nc4 Bxe3 49. Nxe3 Red6 50. Be2 Bc6 51. Nd5 Rxd5 52. exd5 Rxd5 53. Kf3
Rd4+ 54. Ke3 Rh4 55. Rh1 Bb7 56. Bf3 Rh3 57. Rf1 Kf6 58. Ke2 Rxf3 59. Rxf3+
Bxf3+ 60. Kxf3 g5 61. Ke4 Ke6 62. h3 g4 63. hxg4 hxg4 64. d4 cxd4 65. Kxd4 Kd6
0-1

[Event "40. Offene Stadtmeisterschaft"]
[Site "Bergisch Gladbach"]
[Date "2018.09.07"]
[Round "2.11"]
[White "Gnass, Arno"]
[Black "Breuer, Achim"]
[Result "1-0"]
[WhiteElo "1561"]
[BlackElo "1437"]
[PlyCount "45"]
[EventRounds "7"]

1. d4 e6 2. Nf3 d5 3. e3 c5 4. b3 Nc6 5. Bb2 cxd4 6. exd4 Bb4+ 7. c3 Bd6 8. Bd3
Nf6 9. O-O O-O 10. Re1 Bd7 11. Nbd2 Rc8 12. Ne5 Re8 13. Ndf3 Ne7 14. a4 a6 15.
Ng5 Bxe5 16. dxe5 Ne4 17. Bxe4 dxe4 18. Qh5 Ng6 19. Qxh7+ Kf8 20. Ba3+ Re7 21.
h4 f6 22. h5 Be8 23. Nxe6+ 1-0

[Event "40. Offene Stadtmeisterschaft"]
[Site "Bergisch Gladbach"]
[Date "2018.09.07"]
[Round "2.13"]
[White "Henseler, Klaus"]
[Black "Hoferichter, Michael"]
[Result "1-0"]
[WhiteElo "1811"]
[BlackElo "1372"]
[PlyCount "99"]
[EventRounds "7"]

1. c4 e5 2. Nc3 Nf6 3. g3 c6 4. Bg2 d5 5. cxd5 cxd5 6. d3 Nc6 7. Nf3 Bb4 8. O-O
O-O 9. a3 Be7 10. b4 a6 11. Bb2 Bf5 12. Rc1 d4 13. Na4 Rc8 14. Nc5 Rc7 15. Nxb7
Qc8 16. Nc5 Bd6 17. Nd2 Na5 18. Ncb3 Nxb3 19. Nxb3 Bh3 20. Qd2 Bxg2 21. Kxg2
Qb7+ 22. Kg1 Rfc8 23. Na5 Qd5 24. Nc4 Nd7 25. Nxd6 Qxd6 26. Rxc7 Rxc7 27. Rc1
Nf6 28. Rc4 Rxc4 29. dxc4 Ne4 30. Qd3 Ng5 31. Qf5 h6 32. h4 g6 33. Qc8+ Kh7 34.
hxg5 hxg5 35. Qh3+ Kg7 36. Qf1 g4 37. Qd1 Kf6 38. Qd3 Qe6 39. Bxd4 exd4 40.
Qxd4+ Ke7 41. Qe3 Qxe3 42. fxe3 Ke6 43. b5 axb5 44. cxb5 Kd6 45. a4 Kc5 46. e4
f6 47. Kf2 Kb6 48. Ke3 Kc5 49. Kf4 Kb6 50. Kxg4 1-0